LEADER 01129nam a2200289 i 4500 001 000000100917 003 CaOOAMICUS 005 20180830171914.0 008 180830s1998 xx u000 u und u 013 $a73069 020 $a88-18-70208-4 040 $aSeMil$bita 100 1 $aNovalis,$c.$0(OLS)http://semarc/name/8762 245 12$aI discepoli di Sais. 260 $aMilano :$bRusconi,$c1998. 300 $a280 p. 490 0 $aTesti a fronte ;$v70 650 4$aFilosofia.$0(OLS)http://semarc/subject/212 650 4$aLingua tedesca.$0(OLS)http://semarc/subject/10473 650 4$aRomanticismo.$0(OLS)http://semarc/subject/523 700 1 $aReale, Alberto.$0(OLS)http://semarc/name/43528 830 0$aTesti a fronte ;$v70.$0(OLS)http://semarc/title/593 850 $aSeMil 852 $aSeMil$W1$xVenegono$y1$m72 22 70 *$j57920$B57920$CSeMilBibl$Z2$F68428 $81 996 $6020$a88-18-70208-4$9(OLS)http://semarc/number/80754 996 $6245$aI discepoli di Sais$9(OLS)http://semarc/title/147978 996 $6260$aMilano :$bRusconi$9(OLS)http://semarc/publisher/30258 LEADER 01152nam a2200277 i 4500 001 000000120275 003 CaOOAMICUS 005 20031117000000.0 008 031117s1969 it u000 u eng u 013 $a92969 020 $a0-8190-0614-9 040 $aSeMil$bita 100 1 $aNouwen, Henri J.M.,$d<1932-1996>.$0(OLS)http://semarc/name/26995 245 10$aIntimacy :$bpastoral psycological essays /$cHenri J.M. Nouwen. 260 $aNotre Dame (Indiana) :$bFides/Claretian,$ccopyr. 1969. 300 $aix, 150 p. ;$c21 cm. 500 $aFondo Card. C.M. Martini. 650 4$aPsicologia pastorale.$0(OLS)http://semarc/subject/257 650 4$aIntimità.$0(OLS)http://semarc/subject/22628 650 4$aPastorale - Chiesa cattolica.$0(OLS)http://semarc/subject/10919 850 $aSeMil 852 $aSeMil$W1$xVenegono$y1$m3F I 316$j75463$B75463$CSeMilBibl$Z2$F101890 $81 941 1 $a4 996 $6020$a0-8190-0614-9$9(OLS)http://semarc/number/105461 996 $6245$aIntimacy :$bpastoral psycological essays$9(OLS)http://semarc/title/176956 996 $6260$aNotre Dame (Indiana) :$bFides/Claretian$9(OLS)http://semarc/publisher/45720